|
|
|
|
| LEADER |
01145nam a2200301 u 4500 |
| 001 |
10053328 |
| 003 |
upatras |
| 005 |
20210921141859.0 |
| 008 |
050414s1993 uk eng |
| 020 |
|
|
|a 288046160X
|
| 040 |
|
|
|a GR-PaULI
|c GR-PaULI
|
| 041 |
0 |
|
|a eng
|
| 082 |
0 |
4 |
|a 725.23
|
| 100 |
1 |
|
|a Phillips, Alan
|9 45625
|
| 245 |
1 |
0 |
|a The best in science, office and business park design
|c Alan Phillips
|
| 260 |
|
|
|a London
|b Rotovision
|c 1993
|
| 300 |
|
|
|a 224 p.
|b phot., fig.
|c 30 cm.
|
| 490 |
0 |
|
|a Pro Art
|
| 504 |
|
|
|a Includes index
|
| 650 |
|
4 |
|a Αρχιτεκτονική
|x Κατασκευές
|9 6176
|
| 650 |
|
4 |
|a Αρχιτεκτονική
|x Δημόσια κτήρια
|9 893
|
| 650 |
|
4 |
|a Γραφεία
|x Σχεδιασμός και κατασκευή
|9 131921
|
| 760 |
0 |
|
|a Pro Art
|
| 852 |
|
|
|a GR-PaULI
|b ΠΑΤΡΑ
|b ΑΡΧΙΤΕΚΤΟΝΙΚΗ
|k ΑΣΧΞ-2
|h 725.23 PHI
|m 004054
|p 025000117948
|t 1
|
| 942 |
|
|
|2 ddc
|c BK15
|
| 952 |
|
|
|0 0
|1 0
|4 0
|6 725_230000000000000_PHI
|7 0
|9 47288
|a ARCH
|b ARCH
|d 2016-04-24
|i 004054
|l 0
|o 725.23 PHI
|p 025000117948
|r 2016-04-24 00:00:00
|t 1
|w 2016-04-24
|y BK15
|
| 998 |
|
|
|c Λοτσάρη
|d 2005-04
|
| 999 |
|
|
|c 29961
|d 29961
|